First 150 Artists Added to Rate Your Music (RYM) - Statistics

General Stats
  • This quiz has been taken 22 times
  • The average score is 16 of 150
Answer Stats
Hint Answer % Correct
7 The Beatles
88%
20 Bob Dylan
65%
35 Nirvana
65%
119 Elvis Presley
59%
29 Led Zeppelin
59%
16 The Beach Boys
59%
43 The Rolling Stones
59%
24 The Doors
53%
14 Jimi Hendrix
47%
112 Marvin Gaye
47%
106 Metallica
47%
40 Radiohead
47%
56 The Who
47%
57 John Lennon
41%
41 Ramones
41%
54 U2
41%
80 Creedence Clearwater Revival
35%
140 Elliott Smith
35%
88 Green Day
35%
37 Paul Simon
35%
78 The Clash
35%
33 Nick Drake
29%
48 The Smiths
29%
89 Billy Joel
24%
116 Blur
24%
110 Eagles
24%
4 Oasis
24%
38 Pearl Jam
24%
115 The Cure
24%
123 My Bloody Valentine
18%
5 Pulp
18%
39 R.E.M.
18%
45 Simon & Garfunkel
18%
47 The Smashing Pumpkins
18%
51 Tom Petty and The Heartbreakers
18%
3 Weezer
18%
72 Beastie Boys
12%
135 Coldplay
12%
60 Janis Joplin
12%
34 Nina Simone
12%
113 Otis Redding
12%
130 Queens of the Stone Age
12%
127 Shack
12%
66 The Jam
12%
55 The Velvet Underground
12%
124 Van Morrison
12%
17 Beck
6%
83 Brian Eno
6%
67 Buzzcocks
6%
76 Can
6%
107 Creed
6%
11 The Fall
6%
25 Fiona Apple
6%
121 Garth Brooks
6%
118 Hootie & The Blowfish
6%
68 Hüsker Dü
6%
144 Jeff Buckley
6%
32 Matchbox Twenty
6%
36 No Doubt
6%
8 Pavement
6%
131 Primal Scream
6%
114 The Stone Roses
6%
104 Tom Zé
6%
53 Train
6%
61 XTC
6%
65 Yoko Ono
6%
15 10,000 Maniacs
0%
13 311
0%
62 7 Year Bitch
0%
129 Adam and the Ants
0%
111 Alabama
0%
148 Arab Strap
0%
149 Archers of Loaf
0%
150 Ash
0%
134 At the Drive-In
0%
133 Badly Drawn Boy
0%
63 Barenaked Ladies
0%
91 Baxter
0%
18 Belle and Sebastian
0%
73 Ben Folds Five
0%
74 Better Than Ezra
0%
19 Bis
0%
21 Broadcast
0%
22 Cat Power
0%
79 Collective Soul
0%
92 Cornelius
0%
1 Counting Crows
0%
23 Daniel Johnston
0%
96 Dave Matthews Band
0%
6 David Gray
0%
136 Doves
0%
75 Edie Brickell
0%
120 Energy Orchard
0%
84 Evan and Jaron
0%
85 FPM
0%
70 Future Bible Heroes
0%
87 Gigolo Aunts
0%
93 Gin Blossoms
0%
86 G. Love & Special Sauce
0%
138 Grandaddy
0%
26 Grateful Dead
0%
10 Huggy Bear
0%
58 Jane's Addiction
0%
81 Jennifer Daniels
0%
27 Jump, Little Children
0%
2 Kenickie
0%
109 Kid Rock
0%
28 k's Choice
0%
117 Lifehouse
0%
94 Lisa Loeb
0%
31 Luscious Jackson
0%
95 Manic Street Preachers
0%
59 Meat Puppets
0%
128 Michael Head & The Strands
0%
12 Nick Cave & The Bad Seeds
0%
108 O-Town
0%
146 Paul Weller
0%
97 Pizzicato Five
0%
132 PJ Harvey
0%
142 Richard Ashcroft
0%
42 Richard Hell & The Voidoids
0%
44 Sarah McLachlan
0%
125 Scott Walker
0%
9 Serge Gainsbourg
0%
143 Six by Seven
0%
46 Stereolab
0%
82 Steve Earle
0%
100 Suddenly, Tammy!
0%
49 Sunny Day Real Estate
0%
98 Sun Ra
0%
137 Super Furry Animals
0%
90 Takako Minekawa
0%
139 Teenage Fanclub
0%
122 Tegan and Sara
0%
147 The Alarm
0%
105 The Apples in Stereo
0%
50 The Band
0%
77 The Cardigans
0%
145 The Dandy Warhols
0%
64 The Divine Comedy
0%
141 The Go-Betweens
0%
30 The Lemonheads
0%
69 The Magnetic Fields
0%
126 The Pale Fountains
0%
71 The Sea and Cake
0%
99 The Specials
0%
101 Tom Waits
0%
52 Tracy Chapman
0%
102 X-Ray Spex
0%
103 Yo La Tengo
0%
No matching quizzes found
Score Distribution
Percent of People with Each Score
Percentile by Number Answered
Your Score History
You have not taken this quiz